000 00685nam a22002537a 4500
003 UA-OsUOA
001 107135
007 ta
008 20140708b un ||||| |||| 00| 0 ukr d
100 _aМоруа А.
090 _a821.161.1
_bМ80
942 _cBK
040 _aUA-OsUOA
_brus
_cUA-OsUOA
_dUA-OsUOA
245 _aСобрание сочинений в шести томах
_bроман
_nТ. 5
300 _a352 с.
955 _a3
041 _arus
080 _a821.161.1
020 _a5-253-00564-1
260 _aМ.
_bПресса
_c1992
246 3 1 _aЧ. 1 - 7
_n
650 7 _a82 Література. Літературознавство
_2UDC
999 _c392849
_d392849